000 00814nam a2200253 a 4500
008
020 _a0135481643 (cased)
049 _aMAIN
090 _aHD30.23
_bPRI
100 1 _aPritsker, A. Alan B.
245 1 0 _aManagement decision making :
_ba network simulation approach /
_cA. Alan B. Pritsker, C. Elliott Sigal.
260 _aEnglewood Cliffs :
_bPrentice-Hall,
_cc1983.
300 _axxi, 521 p. :
_bill. ;
_c24 cm.
504 _aIncludes bibliographical references.
500 _aIncludes index.
650 0 _aDecision making
_xData processing.
650 0 _aGERT (Network analysis)
700 1 _aSigal, C. Elliott.
907 _a.b10053827
_b28-05-13
_c17-04-03
003
005 20230123133229.0
040 _cNUST
942 _cBOOKS
_kHD30.23
_mPRI
999 _c145001
_d145001